000 00219nam a22000857a 4500
008 170203b xxu||||| |||| 00| 0 eng d
100 _92750
_aModi.K.etal.
245 _aLife- A Celebration-5
260 _aNew delhi
_bRachna
_c2009
999 _c5937
_d5937